000 00658nam a22002297a 4500
005 20230812151639.0
008 230812b |||||||| |||| 00| 0 eng d
020 _a9789389224429
_cRs.1095.00
040 _aLoreto college
041 _aEnglish
082 _a375
_bBAN
100 _aBanerjee, Sarmila
245 _aUnderstanding discipline and subjects
_cSarmila Banerjee, Arnab Chowdhury and Jayanta Mete
260 _aNew Delhi
_bKunal books
_c2019
300 _a324p.
_b21cm.
504 _aIncludes index
650 _aEducation - curricula
700 _4Auth
_aChowdhury, Arnab
700 _4Auth
_aMete,Jayanta
850 _aLCBED
942 _cBK
999 _c43389
_d93868